|
|
|
|
| LEADER |
00000nas a2200000 a 4500 |
| 001 |
ssj0007748 |
| 003 |
WaSeSS |
| 005 |
20200512172242.0 |
| 006 |
m d |
| 007 |
cr n |
| 008 |
030304c19019999nyumr nss 0 0eng c |
| 010 |
|
|
|a 2006255210
|
| 022 |
|
|
|y 0040-9952
|
| 032 |
|
|
|a 530170
|b USPS
|
| 035 |
|
|
|a (WaSeSS)ssj0007748
|
| 037 |
|
|
|b Hearst Corporation, 959 Eighth Ave., New York, N.Y., 10019
|
| 040 |
|
|
|a TXU
|b eng
|c TXU
|d OCLCQ
|d ZCU
|d GUA
|d OCLCQ
|d OCLCO
|d OCLCQ
|d OCLCF
|d OCLCO
|d OCLCQ
|d WT2
|d RCE
|d OCL
|d OCLCQ
|d WYU
|d VT2
|d CUY
|d SFB
|d OCLCQ
|d WaSeSS
|
| 042 |
|
|
|a pcc
|
| 043 |
|
|
|a n-us-ny
|
| 050 |
1 |
4 |
|a AP2
|
| 130 |
0 |
|
|a Town & country (New York, N.Y.)
|
| 245 |
1 |
0 |
|a Town & country
|h [electronic resource].
|
| 246 |
1 |
|
|a Town and country
|
| 260 |
|
|
|a [New York, N.Y.] :
|b [Hearst Corp.]
|
| 310 |
|
|
|a Monthly
|
| 362 |
1 |
|
|a Began in 1901.
|
| 506 |
|
|
|a License restrictions may limit access.
|
| 538 |
|
|
|a Mode of access: World Wide Web.
|
| 588 |
0 |
|
|a Vol. 137, no. 5,041 (Oct. 1983); title from title screen.
|
| 588 |
1 |
|
|a No. 3486 (Mar. 8, 1913) (Proquest, viewed Apr. 28, 2006).
|
| 650 |
|
7 |
|a Fashion & Style.
|2 ebps
|
| 650 |
|
7 |
|a Home & Living (General)
|2 ebps
|
| 651 |
|
0 |
|a New York (N.Y.)
|v Newspapers.
|
| 651 |
|
0 |
|a New York County (N.Y.)
|v Newspapers.
|
| 651 |
|
7 |
|a New York (State)
|z New York.
|2 fast
|0 (OCoLC)fst01204333
|
| 651 |
|
7 |
|a New York (State)
|z New York County.
|2 fast
|0 (OCoLC)fst01234953
|
| 655 |
|
0 |
|a Electronic journals.
|
| 752 |
|
|
|a United States
|b New York
|c New York
|d New York.
|
| 776 |
0 |
8 |
|i Print version:
|t Town & country (New York, N.Y.)
|x 0040-9952
|w (DLC) 57039998
|w (OCoLC)5878257
|
| 780 |
0 |
0 |
|t Home journal (New York, N.Y.)
|w (DLC) 2007233816
|w (OCoLC)70787190
|
| 856 |
4 |
0 |
|z Full text available from Research Library: 07/01/1998 to present
|u https://search.proquest.com/publication/34454
|